00817nam a2200193 i 4500001000700000003000900007005001700016008004100033040002200074080002700096100003400123245017700157260011600334300002200450500005500472510002000527650002500547852005100572156237ES-MaACL20250824063048.0931025s1857 sp |||| | spa d aTG-BE bspa cPAB a94(=411.21:460)"14/16"1 aJaner, Florencio, d1831-187710aCondicion social de los moriscos de España b: causas de su expulsion, y consecuencias que esta produjo en el orden económico y político / csu autor Florencio Janer. aMadrid : b[s.n.], c1857 (fImprenta de la Real Academia de la Historia por los sres. V. Matute y B. Compagni) a378 p. ; c27 cm. aObra premiada por la Real Academia de la Historia.4 aPalau, c122948 4aMoriscos-xHistoria. aES-MaACLjF-2085(2) z-- Enc. pasta española